000 00445cam a2200145 4500500
005 20251012003933.0
041 _afre
042 _adc
100 1 0 _aGamblin, Guillaume
_eauthor
245 0 0 _aDu marché mondial à l’écologie locale
260 _c2021.
500 _a100
786 0 _nSilence | 503 | 10 | 2021-09-09 | p. 4-4 | 0756-2640
856 4 1 _uhttps://shs.cairn.info/revue-silence-2021-10-page-4?lang=fr&redirect-ssocas=7080
999 _c1513710
_d1513710